00361nam a2200145Ia 4500008004100000020001500041041000800056082001600064100002400080245003600104250000600140260003700146300001000183650002200193210716s1975 xx 000 0 und d a0913430269 aeng a374.22 KENW aKennedy, William H. aC g jung his myth in our time. a1 aNew yorkbG P Putnams Sonsc1975 ax,355 aGeneral Knowledge